000
00343nam a2200133Ia 4500
008
231129s1987||||xx |||||||||||||| ||spa||
020
_a
968-24-1133-5
040
_b
spa
082
_a
631.4 S944s
245
0
_a
Suelos y fertilización
260
_c
1987
264
_a
México : Trillas
942
_2
ddc
_c
BKS
999
_c
24887
_d
24887